| 000 | 00666nam a22002657a 4500 | ||
|---|---|---|---|
| 003 | UA-OsUOA | ||
| 001 | 24484 | ||
| 007 | ta | ||
| 008 | 20040219b un ||||| |||| 00| 0 ukr d | ||
| 100 | _aСаніахметова Н.О. | ||
| 090 |
_a346.24(094.9) _bС18 |
||
| 942 | _cBK | ||
| 040 |
_aUA-OsUOA _bukr _cUA-OsUOA _dUA-OsUOA |
||
| 245 |
_aПідприємницьке право _bНавчальний посібник |
||
| 300 | _a704 с. | ||
| 955 | _a0 | ||
| 041 | _aukr | ||
| 080 | _a346.24(094.9) | ||
| 020 | _a966-539-417-7 | ||
| 260 |
_aКиїв _bАСК _c2003 |
||
| 044 | _aUA | ||
| 250 | _n2-ге вид. | ||
| 650 | 7 | _2UDC | |
| 999 |
_c310757 _d310757 |
||